Designing With The Mind In Mind (Record no. 3552)

MARC details
000 -LEADER
fixed length control field 00508nam a22001577a 4500
008 - FIXED-LENGTH DATA ELEMENTS--GENERAL INFORMATION
fixed length control field 250519b |||||||| |||| 00| 0 eng d
020 ## - INTERNATIONAL STANDARD BOOK NUMBER
ISBN 9780128182024
100 ## - MAIN ENTRY--AUTHOR
Author Johnson Jeff
245 ## - TITLE STATEMENT
Title Designing With The Mind In Mind
Remainder of title Simple Guide To Understanding User Interface Design Guideline
250 ## - EDITION STATEMENT
Edition statement 3rd
260 ## - PUBLICATION, DISTRIBUTION, ETC. (IMPRINT)
Place of publication Cambridge
Name of publisher Morgan Kaufman
Date of publication 2021
300 ## - COLLATION
Pagination xiv, 290p. 23.5cm:
Other physical details illustration;
650 ## - TRACINGS
Main Subject Graphical User Interfaces (Computer Systems)
942 ## - ADDED ENTRY ELEMENTS (KOHA)
Item type Books
050 ## - LIBRARY OF CONGRESS CALL NUMBER
Classification number QA76.9.U83
Item number .J64
Holdings
Source of classification or shelving scheme Not for loan Permanent location Current location Date acquired Accession No. Full call number Barcode. Koha item type
Library of Congress Classification   Samuel Ogbemudia Main Library, University of Abuja Samuel Ogbemudia Main Library, University of Abuja 05/19/2025 2024/64109 QA76.9.U83.J64 2025-2023 Books